| 000 | 00958cam a22001935a 4500 | ||
|---|---|---|---|
| 001 | L137464 | ||
| 008 | 070410s2007 xxk f 000 0 eng d | ||
| 035 | _a(Sirsi) u137464 | ||
| 041 | 0 | _aeng | |
| 110 | 2 |
_aBritish Chambers of Commerce _93684 |
|
| 245 | 0 | 0 |
_aGovernment regulation failing business and UK competitiveness _h[electronic resource] |
| 260 | _c2007 | ||
| 520 | _aDiscusses the shortcomings of the Regulatory Impact Assessment system. Argues that by not effectively challenging new EU or UK regulations, the Government is placing business and UK small to medium-sized enterprises at a competitive disadvantage. Concludes that the government is failing to think small first at the UK and EU levels. | ||
| 590 | _aKA | ||
| 651 | 4 |
_aEngland and Wales _y1543- |
|
| 690 | _aMANAGEMENT-BUSINESS MANAGEMENT | ||
| 856 | 4 | 0 |
_uhttps://www.chamberonline.co.uk/YfHO0ONoarMi4g.html _zView the item free of charge at www.chamberonline.co.uk... |
| 942 | _n0 | ||
| 999 |
_c106791 _d106791 |
||